01021 2200313 4500001002100000005001500021035002000036007000300056008004100059020002200100082001700122084001900139100003500158245013500193250003500328300004700363650002400410700003200434264003300466336002100499337003000520338002300550040002200573090002200595850001200617504003400629999002200663990002200685INLIS00000000088528720240326110148 a0010-0324000717ta240326s2024 yoia g | ind d a978-623-6179-21-504223a338.4791 a338.4791 NUR d0 aNurdiyansah DalidjoePengarang10aDesa wisata :bparadigma pembangunan alternatif untuk pariwisata berkelanjutan /cNurdiyansah Dalidjo; penyunting, Devananta Rafiq aCetakan pertama, Februari 2024 axvi, 351 halaman :bgambar, tabel ;c20 cm 4aIndustri pariwisata0 aDevananta RafiqePenyunting31aSleman :bINSISTPress,c2024 2rdacontentateks 2rdamediaatanpa perantara 2rdacarrieravolume aYOPDYOGbinderda aCB-D.11 2024-0220 aYOPDYOG aBibliografi : halaman 339-351 aCB-D.11/2024-0220 aCB-D.11/2024-0220